000 00212nam a22000857a 4500
008 161217b xxu||||| |||| 00| 0 eng d
100 _92101
_aIyadurai
245 _aEasy English Grammer
260 _aTamil Nadu
_bJ.P
_c2011
999 _c4985
_d4985